LEADER 01373cam0-22004931i-450 001 990003778880403321 005 20200113132020.0 035 $a000377888 035 $aFED01000377888 035 $a(Aleph)000377888FED01 035 $a000377888 100 $a20030910d1989----km-y0itay50------ba 101 0 $aita 102 $aIT 105 $ay-------001cy 200 1 $a<>indagine campionaria$emetodi, disegni e tecniche di campionamento$fLuigi Fabbris 210 $aRoma$cNIS$d1989 215 $a261 p.$ctab., fig.$d24 cm 225 1 $aBiblioteca di statistica$v5 300 $aContiene bibl. (pp. 239-247) e indice analitico. 610 0 $aStatistica$aCampionamento 676 $a519.52 676 $a11220 700 1$aFabbris,$bLuigi$f<1947- >$0425954 801 0$aIT$bUNINA$gRICA$2UNIMARC 901 $aBK 912 $a990003778880403321 952 $aIG 15 D 36$b387$fDMIGI 952 $a519.52 FAB 1 BIS$b1029$fBFS 952 $aA / FAB 3$b2097$fBFS 952 $aXV-B-12$b1041$fMAS 952 $a4-1-371-TI$b2511 DEA$fECA 952 $a11220 FAB$b8371$fSES 952 $aVI E 344 (5)$b11358$fFSPBC 952 $aA3/132$b1818$fDINTR 959 $aBFS 959 $aDMIGI 959 $aMAS 959 $aSES 959 $aECA 959 $aFSPBC 959 $aDINTR 996 $aIndagine campionaria$9509782 997 $aUNINA